<?xml version="1.0" encoding="UTF-8"?>
<collection xmlns="http://www.loc.gov/MARC21/slim">
 <record>
  <leader>00603nam a2200205   4500</leader>
  <controlfield tag="001">000009889</controlfield>
  <controlfield tag="003">6087</controlfield>
  <controlfield tag="005">20150812140811.0</controlfield>
  <controlfield tag="008">111103s                               sd</controlfield>
  <datafield tag="245" ind1="0" ind2="0">
   <subfield code="a">Câu hỏi - bài tập trắc nghiệm lịch sử 10</subfield>
  </datafield>
  <datafield tag="774" ind1=" " ind2=" ">
   <subfield code="d">H.</subfield>
   <subfield code="d">Đại học Sư phạm</subfield>
   <subfield code="d">2007</subfield>
   <subfield code="g">Ph.1</subfield>
   <subfield code="h">105tr.</subfield>
   <subfield code="w">6086</subfield>
  </datafield>
  <datafield tag="774" ind1=" " ind2=" ">
   <subfield code="d">H.</subfield>
   <subfield code="d">Đại học Sư phạm</subfield>
   <subfield code="d">2007</subfield>
   <subfield code="g">Ph.2</subfield>
   <subfield code="h">169tr.</subfield>
   <subfield code="w">6088</subfield>
  </datafield>
  <datafield tag="OWN" ind1=" " ind2=" ">
   <subfield code="a">LSP</subfield>
  </datafield>
  <datafield tag="999" ind1=" " ind2=" ">
   <subfield code="a">From the UDN01</subfield>
  </datafield>
  <datafield tag="TYP" ind1=" " ind2=" ">
   <subfield code="a">Monograph</subfield>
  </datafield>
  <datafield tag="TYP" ind1=" " ind2=" ">
   <subfield code="a">Printed language</subfield>
  </datafield>
  <datafield tag="980" ind1=" " ind2=" ">
   <subfield code="a">Mạng thư viện Đại học Đà Nẵng</subfield>
  </datafield>
 </record>
</collection>
